Aristarchus of Samos : the ancient Copernicus

Αποθηκεύτηκε σε:
Λεπτομέρειες βιβλιογραφικής εγγραφής
Κύριος συγγραφέας: Heath, Thomas Little, Sir, 1861-1940
Μορφή: Βιβλίο
Γλώσσα:English
Δημοσίευση: New York : Dover Publications, 1981.
Θέματα:
Ετικέτες: Προσθήκη ετικέτας
Δεν υπάρχουν, Καταχωρήστε ετικέτα πρώτοι!

MARC

LEADER 00000cam a2200000 i 4500
001 1/47222
008 950721s1981 nyu| ||| |||| ||eng||
020 |a 0486241882 
035 |1 ΕΛΗ  |a 1995  |b 1807  |c ΧΑΤΖΗΣΑΒΒΑΣ  |l 10043005 
040 |a GR-MyUA  |b gre  |e AACR2 
041 0 |a eng 
082 7 |a 520.924   |2 (23) 
100 1 |a Heath, Thomas Little,   |q Sir,   |d 1861-1940. 
245 1 0 |a Aristarchus of Samos :   |b the ancient Copernicus /   |c by Sir Thomas Heath.  
260 |a New York :   |b Dover Publications,   |c 1981.  
300 |a vi, 425 σ. :   |b εικ. ;   |c 22 εκ.  
500 |a Περιέχει ευρετήριο.  
600 0 0 |a Αρίσταρχος ο Σάμιος,   |d π. 310-π. 230. 
650 0 0 |a Astronomers  |z Greece  |x Biography. 
650 0 0 |a Astronomy, Greek. 
767 0 8 |i Μεταφρασθέν ως:   |t Αρίσταρχος ο Σάμιος :  
852 |a INST  |b SAMOS  |e 19950721  |h 520.924 HEA  |p 005300010140  |q 005300010140  |t BK  |y 0 
852 |a INST  |b SAMOS  |e 19980514  |h 520.924 HEA  |p 005300011592  |q 005300011592  |t BK  |y 0 
852 |a INST  |b SAMOS  |e 19980514  |h 520.924 HEA  |p 005300011593  |q 005300011593  |t BK  |y 0 
901 |a BIBL-1998-2 
909 |a Σ  |b 043717 
909 |a Σ  |b 055712 
909 |a Σ  |b 055713 
922 |a 3ΕΛΗ  |b 199805  |c ΚΠΣ  |d ΠΑΠΑΣΩΤΗΡΙΟΥ 
970 |z 1998-05